SALVATORE GIULIANO (Record n. 106367)
[ formato base ]
| 000 -LEADER | |
|---|---|
| fixed length control field | 02316agaaa2200325 4500 |
| 001 - CONTROL NUMBER | |
| control field | 5947 |
| 003 - CONTROL NUMBER IDENTIFIER | |
| control field | IT-RoPAU |
| 005 - DATE AND TIME OF LATEST TRANSACTION | |
| control field | 20220918181244.0 |
| 007 - PHYSICAL DESCRIPTION FIXED FIELD--GENERAL INFORMATION | |
| fixed length control field | d cvaizq |
| 008 - FIXED-LENGTH DATA ELEMENTS--GENERAL INFORMATION | |
| fixed length control field | 50131s9999||||xx ||| | || ||und|| |
| 040 ## - CATALOGING SOURCE | |
| Original cataloging agency | IT-RoPAU |
| Transcribing agency | IT-RoPAU |
| 041 ## - LANGUAGE CODE | |
| Language code of text/sound track or separate title | ITALIANO |
| 100 ## - MAIN ENTRY--PERSONAL NAME | |
| Personal name | Rosi Francesco |
| Miscellaneous information | Codice regista SPICS: 1881 |
| 9 (RLIN) | 37762 |
| 130 ## - MAIN ENTRY--UNIFORM TITLE | |
| Uniform title | SALVATORE GIULIANO |
| 9 (RLIN) | 46507 |
| 245 ## - TITLE STATEMENT | |
| Title | SALVATORE GIULIANO |
| Statement of responsibility, etc. | Prodotto da: Cristaldi Franco -- Sceneggiatura: Cecchi D'Amico Suso Provenzale Enzo Rosi Francesco Solinas Franc -- Diretto da: Rosi Francesco |
| Name of part/section of a work | SALVATORE GIULIANO (Rif. Codice opera principale : H5947) |
| 250 ## - EDITION STATEMENT | |
| Edition statement | Edizione Standard |
| 260 ## - PUBLICATION, DISTRIBUTION, ETC. (IMPRINT) | |
| Place of publication, distribution, etc. | (ITALIA) |
| Name of publisher, distributor, etc. | LUX FILM - VIDES CINEMAT. - GALATEA FILM / Distribuzione: IL MESSAGGERO |
| Date of manufacture | "1962 (1° ed.: 2005 ; Ed. Lingua Orig.: 1962)" |
| 300 ## - PHYSICAL DESCRIPTION | |
| Extent | DVD |
| Other physical details | sonoro, col. |
| Dimensions | 107 minuti |
| 508 ## - CREATION/PRODUCTION CREDITS NOTE | |
| Creation/production credits note | "Fotografia: Di Venanzo Gianni; Montaggio: Serandrei Mario; Musica: Piccioni Piero; Sceneggiatura: Cecchi D'Amico Suso Provenzale Enzo Rosi Francesco Solinas Franc; Scenografia: Canevari S. Egidi C.; Soggetto: Cecchi D'Amico Suso -- Solina Francesco" |
| 511 ## - PARTICIPANT OR PERFORMER NOTE | |
| Participant or performer note | "Wolff Frank; Randone Salvo; Zardi Federico; Cammarata Pietro; Cicero Nando" |
| 520 ## - SUMMARY, ETC. | |
| Summary, etc. | LA STORIA TORBIDA DEL BANDITO SALVATORE GIULIANO NEL PRIMO DOPOGUERRA. GIA' ATTIVO COME BANDITO ENTRA A FAR PARTE DELL'ESERCITO SEPARATISTA SICILIANO. SCIOLTO QUESTO, CONTINUA LA SUA ATTIVITA' DI FUORILEGGE, RICERCATO E COMBATTUTO DAI CARABINIERI. MUORE MISTERIOSAMENTE COSI' COME I COMPAGNI DELLA SUA BANDA. RAPPORTI TRA MAFIA, BANDITISMO, POTERE POLITICO, POTERE ECONOMICO: QUESTO E' IL TEMA PRINCIPALE CHE SI SVILUPPA ATTORNO ALLA FIGURA TORBIDA DI SALVATORE GIULIANO, MARRATA SOTTO FORMA D'INCHIESTA GIORNALISTICA CON CONTINUI SALTI NEL TEMPO, UN USO ORIGINALE DEI FLASH-BACK E PERFETTE VARIAZIONI DEL TONO DELLA FOTOGRAFIA. |
| 538 ## - SYSTEM DETAILS NOTE | |
| System details note | PAL, STEREO |
| 546 ## - LANGUAGE NOTE | |
| Language note | ITALIANO |
| 650 ## - SUBJECT ADDED ENTRY--TOPICAL TERM | |
| Topical term or geographic name as entry element | DRAMMATICO |
| Relator term | DVD-FILM [DVD] |
| General subdivision | Codice MATERIA SPICS: 9947 |
| 9 (RLIN) | 46508 |
| 700 ## - ADDED ENTRY--PERSONAL NAME | |
| Personal name | Cecchi D'Amico Suso |
| Relator term | (soggetto) |
| Miscellaneous information | Codice Soggetto SPICS: 7581 |
| 9 (RLIN) | 46509 |
| 700 ## - ADDED ENTRY--PERSONAL NAME | |
| Personal name | Piccioni Piero |
| Relator term | (musica) |
| Miscellaneous information | Codice Musica SPICS: 11072 |
| 9 (RLIN) | 46510 |
| 700 ## - ADDED ENTRY--PERSONAL NAME | |
| Personal name | Rosi Francesco |
| Relator term | (regista) |
| Miscellaneous information | Codice regista SPICS: 1881 |
| 9 (RLIN) | 37762 |
| 700 ## - ADDED ENTRY--PERSONAL NAME | |
| Personal name | Solina Francesco |
| Relator term | (soggetto) |
| Miscellaneous information | Codice Soggetto 2° SPICS: 48428 |
| 9 (RLIN) | 46511 |
| 942 ## - ADDED ENTRY ELEMENTS (KOHA) | |
| Koha item type | DVD |
| Source of classification or shelving scheme | Dewey Decimal Classification |
| Withdrawn status | Lost status | Damaged status | Not for loan | Home library | Current library | Date acquired | Total Checkouts | Full call number | Date last seen | Price effective from | Koha item type | Public note |
|---|---|---|---|---|---|---|---|---|---|---|---|---|
| Buone Condizioni | Not For Loan | SPICS-MEDIATECA | SPICS-MEDIATECA | 31/01/2015 | H5947 | 31/01/2015 | 31/01/2015 | DVD | Progr. Ins.: 3352 / N.Vol.:1 / Copie: 1 / Pag.:0 / Copia rara: n.d. / date import: 1.2.2015 / By Epidotti, Trombetti, Vaglietti |